000 04625nam a22004577a 4500
005 20110630114551.0
010 _aENG-102926 B-461880-899
020 _c999.00
_a9788184001464
035 _aEN-86459 B-461880-899
037 _bDBAD/PUB
037 _bAllied Pub/Ven
082 _a230.2
100 _aLidchi-Grassi, Maggi
_947680
245 _aThe great golden sacrifice of the Mahabharata /
_cby Maggi Lidchi-Grass
260 _aNoida ( UP )
_bRandom House Publishers
_c2011
270 _aMind Mill Corporate Tower,2nd Floor,Plot No.24 A, Sector 16 A,
_bNoida ( UP )
_e201301
300 2 _aXXIV,933p.
_b24cm (Hb)
942 _2ddc
_cEN
_mLID
_h230.2
999 _c53598
_d53598